00704 2200253 4500001002100000005001700021008004100038020001800079035002400097040001200121082002300133084002300156090002300179100002200202245004600224260003000270300003100300650002700331700002900358850001200387990001700399990001700416990001700433INLIS00000000000016620141003082302.0  a962-593-466-9 0010-101400000000061 aYOPDYOG aQ 720.959862 Fra B aQ 720.959862 Fra B aQ 720.959862 Fra B aFRANCIONE, Gianni aBali modern :bthe art of tropical living aSingaporebPeriplusc2000 a176 hlm.b: ilus. ;c26 cm aArsitektur Modern-Bali aTettoni, Luca Invernizzi aYOPDYOG a8209-PD/B.14 a8210-PD/B.14 a8211-PD/B.14